| 000 | 00839cam a22002411 4500 | ||
|---|---|---|---|
| 001 | af 47003267 | ||
| 003 | DLC | ||
| 005 | 20260227110819.0 | ||
| 008 | 940622s1944 ne 000 0 dut c | ||
| 010 | _aaf 47003267 | ||
| 035 | _a(OCoLC)30638990 | ||
| 040 |
_aNew York. Public Library _cRPB _dDLC |
||
| 041 | 1 |
_adut _hger |
|
| 050 | 0 | 0 |
_aE169 _b.H175 |
| 100 | 1 | _aHalter, Heinz. | |
| 245 | 1 | 0 |
_aIn overvloed verhongerd; _bmenschen en hun lot in de Vereenigde Staten. _cVertaling uit het duitsch door H. C. van Duyl-Snijders. |
| 260 |
_aAmsterdam, _bA. Blitz _c[1944] |
||
| 300 |
_a160 p. _c20 cm. |
||
| 500 | _aAuthor's pseud., Friedrich Elarth, at head of title. | ||
| 651 | 0 |
_aUnited States _xSocial conditions. |
|
| 651 | 0 |
_aUnited States _xEconomic conditions _y1918-1945. |
|
| 700 | 2 |
_aDuyl-Snijders, Henrica Cristina van, _d1902- _etr. |
|
| 999 |
_c2098 _d2098 |
||